A szövegdiktálás az írásbeli érettségi vizsgálaton pótlás Schmidt Márton fölolvasásához /

Elmentve itt :
Bibliográfiai részletek
Szerző: Kálmán Miksa
Dokumentumtípus: Cikk
Megjelent: 1906
Sorozat:Magyar pedagógia : a Magyar Tudományos Akadémia Pedagógiai Bizottságának folyóirata 15
Kulcsszavak:Schmidt Márton, Oktatásügy Magyarország 19. sz., Közoktatás Magyarország 19. sz., Érettségi vizsga módszertan, Érettségi vizsga
Online Access:http://misc.bibl.u-szeged.hu/8196
LEADER 00837nab a2200181 i 4500
001 misc8196
005 20191106143933.0
008 170607s1906 hu o 0|| hun d
022 |a 0025-0260 
040 |a SZTE Miscellanea Repozitórium  |b hun 
041 |a hun 
100 1 |a Kálmán Miksa 
245 1 2 |a A szövegdiktálás az írásbeli érettségi vizsgálaton   |h [elektronikus dokumentum] :  |b pótlás Schmidt Márton fölolvasásához /  |c  Kálmán Miksa 
260 |c 1906 
300 |a 371-374 
490 0 |a Magyar pedagógia : a Magyar Tudományos Akadémia Pedagógiai Bizottságának folyóirata  |v 15 
695 |a Schmidt Márton, Oktatásügy Magyarország 19. sz., Közoktatás Magyarország 19. sz., Érettségi vizsga módszertan, Érettségi vizsga 
856 4 0 |u http://misc.bibl.u-szeged.hu/8196/1/mp_1906_1125_371-374.pdf  |z Dokumentum-elérés